| 000 | 00505 a2200205 4500 | ||
|---|---|---|---|
| 005 | 20260313112742.0 | ||
| 008 | 260312b |||||||| |||| 00| 0 eng d | ||
| 020 |
_a9789350028407 _cRs. 799.00 |
||
| 040 | _aMAIN | ||
| 082 |
_a320.533 _bR812A |
||
| 100 | _aRoy, M N | ||
| 245 | _aAgainst fascism | ||
| 260 |
_bAakar Books _aDelhi _c2024 |
||
| 300 | _axxxii, 286 | ||
| 650 | _aPolitical Science | ||
| 650 | _aPolitical Ideologies | ||
| 650 | _aFascism | ||
| 700 | _aSur, Bhaskar | ||
| 942 | _cBK | ||
| 999 |
_c394686 _d394686 |
||